Statistics for NHL Teams That Jaromir Jagr Has Played For

Click here to take the quiz!

General Stats

  • This quiz has been taken 49 times
  • The average score is 7 of 9

Answer Stats

Answer% Correct
Pittsburgh Penguins
100%
New York Rangers
95%
Florida Panthers
93%
Philadelphia Flyers
88%
Boston Bruins
83%
Calgary Flames
76%
Dallas Stars
76%
Washington Capitals
71%
New Jersey Devils
68%

Score Distribution

Percentile by Number Answered

Percent of People with Each Score

Your Score History

You have not taken this quiz